[Event "Steinfurt Bezirksklasse 1718"]
[Site "Germany"]
[Date "2018.04.14"]
[Round "7.5"]
[White "Jarvers, Kathrin"]
[Black "Thomann, Henning"]
[Result "1/2-1/2"]
[WhiteElo "1312"]
[BlackElo "1444"]
[PlyCount "100"]
[EventDate "2017.10.07"]
[EventType "team-tourn"]
[EventRounds "7"]
[EventCountry "GER"]
[SourceTitle "EXT 2019"]
[Source "ChessBase"]
[SourceDate "2018.10.10"]
[SourceVersion "1"]
[SourceVersionDate "2018.10.10"]
[SourceQuality "1"]
[WhiteTeam "Rheine Klein Berlin III"]
[BlackTeam "Neuenkirchen II"]
[WhiteTeamCountry "GER"]
[BlackTeamCountry "GER"]

1. e4 d5 2. exd5 Qxd5 3. Nc3 Qa5 4. d4 c6 5. Bc4 Nf6 6. Bd2 Qc7 7. Nge2 Bf5 8. Bf4 Qd8 9. d5 Nxd5 10. Bxd5 cxd5 11. Qxd5 Qxd5 12. Nxd5 Na6 13. Ne3 Bg6 14. 0-0 e6 15. c3 Be7 16. Rfd1 Nc5 17. Rd2 Ne4 18. Rdd1 h6 19. Ng3 Nf6 20. Nc4 0-0 21. Ne5 Bh7 22. Nd7 Rfd8 23. Nxf6+ Bxf6 24. h3 Bc2 25. Rxd8+ Rxd8 26. Rc1 Bh7 27. Re1 Kf8 28. Be3 a6 29. Bb6 Rd2 30. Re2 Rd1+ 31. Kh2 Ke8 32. Nh5 Be7 33. Nxg7+ Kf8 34. Nh5 Bd6+ 35. Ng3 h5 36. h4 Bd3 37. Re3 Rd2 38. b4 Bc4 39. a4 Rxf2 40. Rxe6 fxe6 41. Bxf2 Kf7 42. Kh3 Bxg3 43. Kxg3 Kf6 44. Kf4 e5+ 45. Ke3 Kf5 46. Be1 b5 47. a5 Bd5 48. g3 Kg4 49. Kf2 Kf5 50. Ke3 Kg4 1/2-1/2

[Event "Steinfurt Bezirksklasse 1718"]
[Site "Germany"]
[Date "2017.12.09"]
[Round "3.4"]
[White "Sperling, Rainer"]
[Black "Jarvers, Kathrin"]
[Result "1-0"]
[WhiteElo "1432"]
[BlackElo "1312"]
[PlyCount "67"]
[EventDate "2017.10.07"]
[EventType "team-tourn"]
[EventRounds "7"]
[EventCountry "GER"]
[SourceTitle "EXT 2019"]
[Source "ChessBase"]
[SourceDate "2018.10.10"]
[SourceVersion "1"]
[SourceVersionDate "2018.10.10"]
[SourceQuality "1"]
[WhiteTeam "Reckenfeld II"]
[BlackTeam "Rheine Klein Berlin III"]
[WhiteTeamCountry "GER"]
[BlackTeamCountry "GER"]

1. e4 e5 2. Nf3 Nc6 3. Bc4 Bc5 4. d3 h6 5. Nc3 d6 6. h3 Nf6 7. 0-0 Qe7 8. Nd5 Nxd5 9. Bxd5 Nd8 10. a3 Be6 11. Bxe6 Nxe6 12. b4 Bb6 13. Qe2 Nd4 14. Nxd4 Bxd4 15. Rb1 Qf6 16. Be3 Qe6 17. Bxd4 exd4 18. Qd2 Kd7 19. c3 dxc3 20. Qxc3 g5 21. Rbc1 Rac8 22. f3 h5 23. Qc4 Qxc4 24. Rxc4 g4 25. fxg4 hxg4 26. Rxf7+ Ke6 27. Rcxc7 Rxc7 28. Rxc7 g3 29. Rg7 Rc8 30. Rxg3 Rc3 31. h4 Rxa3 32. h5 a5 33. bxa5 Rxa5 34. h6 1-0

[Event "Steinfurt Bezirksklasse 1617"]
[Site "Germany"]
[Date "2017.02.04"]
[Round "6.5"]
[White "Hillenkoetter, Albert"]
[Black "Jarvers, Kathrin"]
[Result "0-1"]
[WhiteElo "1355"]
[BlackElo "1308"]
[PlyCount "50"]
[EventDate "2016.09.17"]
[EventType "team"]
[EventRounds "10"]
[EventCountry "GER"]
[SourceTitle "EXT 2018"]
[Source "ChessBase"]
[SourceDate "2017.10.13"]
[SourceVersion "1"]
[SourceVersionDate "2017.10.13"]
[SourceQuality "1"]
[WhiteTeam "Nordwalde II"]
[BlackTeam "Rheine Klein Berlin III"]
[WhiteTeamCountry "GER"]
[BlackTeamCountry "GER"]

1. d4 d5 2. c4 e6 3. Nc3 Nf6 4. Bg5 Be7 5. Nf3 Nc6 6. c5 Bd7 7. e3 a6 8. a3 Nh5 9. Bxe7 Qxe7 10. Ne5 g6 11. Nxc6 Bxc6 12. Be2 Ng7 13. b4 0-0 14. 0-0 e5 15. b5 axb5 16. Bxb5 Bxb5 17. Nxb5 Rfd8 18. a4 Nf5 19. Re1 c6 20. Nc3 exd4 21. exd4 Qf6 22. Re5 Re8 23. Ne2 Rxe5 24. dxe5 Qxe5 25. g4 Nh4 0-1

[Event "Steinfurt Bezirksklasse 1617"]
[Site "Germany"]
[Date "2017.01.14"]
[Round "5.4"]
[White "Jarvers, Kathrin"]
[Black "Thiele, Simon"]
[Result "1/2-1/2"]
[WhiteElo "1308"]
[BlackElo "1272"]
[PlyCount "47"]
[EventDate "2016.09.17"]
[EventType "team"]
[EventRounds "10"]
[EventCountry "GER"]
[SourceTitle "EXT 2018"]
[Source "ChessBase"]
[SourceDate "2017.10.13"]
[SourceVersion "1"]
[SourceVersionDate "2017.10.13"]
[SourceQuality "1"]
[WhiteTeam "Rheine Klein Berlin III"]
[BlackTeam "Emsdetten Rochade VI"]
[WhiteTeamCountry "GER"]
[BlackTeamCountry "GER"]

1. e4 e5 2. Bc4 Nf6 3. Nc3 Bb4 4. d3 d5 5. exd5 Nxd5 6. Qf3 Be6 7. Bd2 c6 8. Ne4 f5 9. Nc3 Qa5 10. Nge2 Nd7 11. 0-0 0-0-0 12. a3 Bxc3 13. Nxc3 Qc5 14. b4 Qd4 15. Ne2 Qg4 16. Qxg4 fxg4 17. d4 h6 18. dxe5 Nxe5 19. Bxd5 Rxd5 20. Bc3 Rf8 21. Rfe1 Rf5 22. Nd4 Rf6 23. Nb3 Rf5 24. Nd4 1/2-1/2

[Event "Steinfurt Bezirksklasse 1617"]
[Site "Germany"]
[Date "2016.10.29"]
[Round "2.4"]
[White "Jarvers, Kathrin"]
[Black "Weber, Stefan"]
[Result "1-0"]
[WhiteElo "1308"]
[BlackElo "1145"]
[PlyCount "91"]
[EventDate "2016.09.17"]
[EventType "team"]
[EventRounds "10"]
[EventCountry "GER"]
[SourceTitle "EXT 2018"]
[Source "ChessBase"]
[SourceDate "2017.10.13"]
[SourceVersion "1"]
[SourceVersionDate "2017.10.13"]
[SourceQuality "1"]
[WhiteTeam "Rheine Klein Berlin III"]
[BlackTeam "Reckenfeld II"]
[WhiteTeamCountry "GER"]
[BlackTeamCountry "GER"]

1. e4 e5 2. Bc4 Nf6 3. Nc3 Bc5 4. d3 d6 5. Bg5 h6 6. Bh4 Bg4 7. Nge2 Nc6 8. Nd5 Nd4 9. Nec3 g5 10. Bg3 Nh5 11. f3 Bd7 12. Bf2 Nf4 13. Nxf4 gxf4 14. Qd2 Qg5 15. Bxd4 Bxd4 16. g3 Be3 17. Qg2 fxg3 18. hxg3 Rg8 19. g4 c6 20. Rh5 Qf4 21. Ne2 Bd2+ 22. Kd1 Qe3 23. Qg1 Qxf3 24. Kxd2 Bxg4 25. Rh2 Qf6 26. Rf1 Qg5+ 27. Ke1 0-0-0 28. Bxf7 Rg7 29. Rg2 Qh4+ 30. Kd2 h5 31. Be6+ Kc7 32. Rf7+ Rxf7 33. Bxf7 Rf8 34. Bc4 Qg5+ 35. Kc3 d5 36. exd5 cxd5 37. Bxd5 Rc8 38. Be6 Kd8+ 39. Bxc8 Kxc8 40. Qc5+ Kb8 41. Rf2 b6 42. Qd6+ Kb7 43. Rf7+ Ka6 44. Qa3+ Kb5 45. Qb4+ Ka6 46. Qa4# 1-0